LIBRARY & INFORMATION CENTRE, KCAET, TAVANUR

ONLINE PUBLIC ACCESS CATALOGUE (OPAC)

Practical food microbiology & technology / (Record no. 13710)

MARC details
000 -LEADER
fixed length control field 00620pam a2200217 a 4500
003 - CONTROL NUMBER IDENTIFIER
control field OSt
008 - FIXED-LENGTH DATA ELEMENTS--GENERAL INFORMATION
fixed length control field 240320b |||||||| |||| 00| 0 eng d
020 ## - INTERNATIONAL STANDARD BOOK NUMBER
ISBN 0894646737 (acid free paper)
041 ## - LANGUAGE CODE
Language code of text/sound track or separate title eng
082 00 - DEWEY DECIMAL CLASSIFICATION NUMBER
Classification number 664.001
Item number MOU/PR
100 1# - MAIN ENTRY--AUTHOR NAME
Personal name Mountney, George J.
245 10 - TITLE STATEMENT
Title Practical food microbiology & technology /
250 ## - EDITION STATEMENT
Edition statement 3rd ed.
260 ## - PUBLICATION, DISTRIBUTION, ETC. (IMPRINT)
Place of publication Malabar, Fla. :
Name of publisher Krieger Pub. Co.,
Year of publication 1992.
300 ## - PHYSICAL DESCRIPTION
Number of Pages xi, 351 p. :
Other physical details ill. ;
500 ## - GENERAL NOTE
General note Originally published: New York : Van Nostrand Reinhold, 1988.
650 #0 - SUBJECT ADDED ENTRY--TOPICAL TERM
Topical Term Food
650 #0 - SUBJECT ADDED ENTRY--TOPICAL TERM
Topical Term Food
700 1# - ADDED ENTRY--PERSONAL NAME
Personal name Gould, Wilbur A.,
942 ## - ADDED ENTRY ELEMENTS (KOHA)
Koha item type Books
Holdings
Withdrawn status Lost status Damaged status Collection code Home library Current library Shelving location Date acquired Source of acquisition Cost, normal purchase price Full call number Accession Number Koha item type
      Non-fiction KAUAET KAUAET General Stacks 31/03/2012 International Books and periodical supply service, New Delhi 2815.00 664.001 MOU/PR 23539 Books
free website counter